| 000 | 00469cam a2200193ua 4500 | ||
|---|---|---|---|
| 001 | 7376 | ||
| 008 | 141208n ii |||gr||||Z||||||ben | ||
| 040 | _cMAIN | ||
| 041 | _aben | ||
| 082 | _a891.444 | ||
| 100 |
_aBose, S. Ch., _eAuthor. |
||
| 245 | 1 |
_aSilpakotha _cBy Shyamal Ch. Bose |
|
| 250 | _a1st. | ||
| 260 |
_aKolkatta: _bBiswabharati, _c1965. |
||
| 300 | _a60p. | ||
| 653 | _aEast Indo-European & Celtic literatures | ||
| 653 | _aBengali essays | ||
| 942 | _cBK | ||
| 999 |
_c6501 _d6501 |
||